MDQL
is popping MORE tags! Check the
thread
!
Quizzes
Events
Quiz Creation
Community
Videos
Private Events
Remove Ads
Sign In
Join for FREE
Feedback
Dark Mode
Quiz Categories
Sports
Geography
Music
Movies
Television
Just For Fun
Miscellaneous
History
Literature
Language
Science
Gaming
Entertainment
Religion
Holiday
For Kids
Quiz Lab
Recent
Popular Today
Quiz Kudos Today
Editor Picks
Curator Picks
Quizzes by...
Day
Popularity
Type
Ratings
Length
Year
Community
Subscriptions
Recent Discussions
Orange Saloon
Badges
Playlists
Quests
Create
Leaderboards
Showdown
Live 5
Trivia Bingo
Activity
Puzzle Library
Sporcle Events
Private Events
Virtual Trivia
Globe League
Become a Host
Pub Owners
SporcleCon
Opinionation
Our Games
Videos
Blog
Mobile Apps
Partnerships
Remove Ads and Go Orange
Feedback
Language
Vocabulary
Begins and Ends
Definition
Spanish
French
German
Italian
Chinese
Latin
Translation
Japanese
Language
Vocabulary
Begins and Ends
Definition
Spanish
French
German
Italian
Chinese
Latin
Translation
Japanese
Random Quiz
Search Sporcle
×
Quiz Lab
Quiz Lab
Language
French
Type in answers that appear in a list
Type in answers that appear in a list
Classic
Best Score? Go Orange.
Les jours de la semaine Stats
Can you name the days of the week in French?
By
albert_me
2m
7 Questions
1,412 Plays
1,412 Plays
1,412 Plays
Comments
Comments
Give Quiz Kudos
Give Quiz Kudos
-
- Ratings
hide this ad
Replay
Link that replays current quiz
Next Quiz
Link to next quiz in quiz playlist
You Got
0%
They Got
Avg Score
88%
Avg Friend Score
Upgrade to see
Score Distribution
Jump to the score distribution portion of the page
Score
0/7
Timer
02:00
0
Plays Today
English
Français
% Correct
Monday
lundi
98.9%
Tuesday
mardi
96.7%
Wednesday
mercredi
89.7%
Thursday
jeudi
88.4%
Friday
vendredi
83.7%
Saturday
samedi
82.9%
Sunday
dimanche
80.8%
Quiz Playlist
Details
Report
Send in Message
Add To Playlist
Classic:
Type in answers that appear in a list
Last Updated: Jul 9, 2017
Quiz Scoreboard
CHALLENGE
Sign Up to Join the Scoreboard
Show All
Scores
Hide
Comments
May contain spoilers
Recently Published
Colored Red Africa Blitz
by spor1
Geography
30s
Find the 'City' Movie
by crazypaving
Movies
60s
5x2 Blitz: Bands
by SL_Kpop136
Music
30s
More to Explore
Quiz From the Vault
Featured Blog Post
14 Easter Pick-up Lines to Find Eggs With
hide this ad
You Might Also Like...
Tags
French Quiz
English
les
Week
Today's Top Quizzes in Language
Browse Language
hide this ad
Today's Top Quizzes in French
Browse French
Top Contributed Quizzes in Language
1
Arabic Numerals
2
1-10 Letter H Words III
3
1-10 Letter F Words III
4
1-10 Letter G Words III
5
1-10 Letter I Words III
6
1-10 Letter M Words III
7
1-10 Letter K Words III
8
1-10 Letter L Words III
9
1-10 Letter N Words III
10
1-10 Letter J Words III
Explore More
Trending Topics
Harry Potter
Crossword
Kpop
Anime
NBA
Marvel
Disney
WWE
Pokémon
The Office
Puzzle
Song
Country
NFL
Soccer
hide this ad
More By:
albert_me
Quiz
Plays
Rating
Category
Featured
Created
Les jours de la semaine
1,412
4.80
Language
Mar 31, 2010
Simpsons Monopoly
385
1.80
Gaming
Mar 31, 2010
Worst places to live in the UK
358
3.00
Geography
Mar 31, 2010
Best places to live UK
166
4.00
Geography
Mar 31, 2010
Go to Creator's Profile
Score Distribution
Quiz Creator Spotlight
albert_me
Follow
Send a Message
Quizzes Created
-
Created Quiz Play Count
-
More By This Creator
Popular Quizzes Today
1
Colored Red Africa Blitz
2
Find the 'City' Movie
3
5x2 Blitz: Bands
4
Find the US States - No Outlines Minefield
5
The Countries of the World
6
Find the US States
7
US States
8
Find the Countries of Europe - No Outlines Minefield
More Language Quizzes
Blitz! Ends in ...DRUM
Quiz Lab
Trending Quizzes
Colored Red Europe Blitz I
Colored Red Europe Blitz II
Colored Red Africa Blitz II
Colored Red Europe Blitz III
Colored Red Africa Blitz III
Recently Updated
How Do You Spell That?
pecheneg
Godzilla Movies
pecheneg
Grab Bag: 4-10 Letters
pecheneg
2024 March Madness Bracket
pecheneg
Famous TV Couples
Peacemaker
Champions League XIs: Real Madrid
pecheneg
Largest US Cities 1790-2010
pecheneg
Rides in Walt Disney World
pecheneg
Most Oscar Losses (Acting)
pecheneg
Beyoncé Albums
pecheneg
Trending Topics
Disney
Harry Potter
Crossword
Kpop
NBA
Anime
Marvel
Puzzle
Song
Soccer
NFL
Country
WWE
The Office
Pokémon
Your Account Isn't Verified!
In order to create a playlist on Sporcle, you need to verify the email address you used during registration. Go to your
Sporcle Settings
to finish the process.
Report this User
Report this user for behavior that violates our
Community Guidelines
.
Details:
Send Report
Go to the Sporcle.com Mobile Site →
Comments